[Event "MPA 1820 2024"]
[Site "Sianozety"]
[Date "2024.04.12"]
[Round "8.9"]
[White "Bierla, Slawomir"]
[Black "Kopacz, Przemyslaw"]
[Result "0-1"]
[BlackElo "1774"]
[WhiteElo "1712"]
[LiveChessVersion "1.4.4"]

1. b3 {[%clk 1:30:57]} c5 {[%clk 1:30:25]} 2. Bb2 {[%clk 1:31:20]} Nc6
{[%clk 1:30:47]} 3. e3 {[%clk 1:31:44]} d5 {[%clk 1:30:11]} 4. Nf3
{[%clk 1:31:19]} Bf5 {[%clk 1:29:56]} 5. Bb5 {[%clk 1:27:30]} f6 {[%clk 1:27:14]}
6. Nh4 {[%clk 1:26:50]} Be6 {[%clk 1:20:17]} 7. f4 {[%clk 1:23:33]} Nh6
{[%clk 1:13:01]} 8. h3 {[%clk 1:13:39]} Qb6 {[%clk 1:12:09]} 9. Qe2
{[%clk 0:53:53]} a6 {[%clk 1:09:42]} 10. Bxc6+ {[%clk 0:53:23]} Qxc6
{[%clk 1:09:59]} 11. O-O {[%clk 0:46:57]} O-O-O {[%clk 1:07:44]} 12. d3
{[%clk 0:44:59]} Rg8 {[%clk 1:03:28]} 13. f5 {[%clk 0:38:58]} Bd7
{[%clk 1:02:31]} 14. c4 {[%clk 0:36:10]} dxc4 {[%clk 0:57:10]} 15. bxc4
{[%clk 0:36:17]} e6 {[%clk 0:54:21]} 16. e4 {[%clk 0:26:22]} exf5
{[%clk 0:50:27]} 17. exf5 {[%clk 0:26:46]} Bd6 {[%clk 0:50:46]} 18. Nd2
{[%clk 0:26:41]} Bg3 {[%clk 0:48:40]} 19. Ndf3 {[%clk 0:19:22]} Rge8
{[%clk 0:46:01]} 20. Qd2 {[%clk 0:19:20]} Bxf5 {[%clk 0:43:03]} 21. Nxf5
{[%clk 0:18:11]} Nxf5 {[%clk 0:43:03]} 22. Ne5 {[%clk 0:14:33]} Bxe5
{[%clk 0:40:03]} 23. Rxf5 {[%clk 0:14:51]} Bxb2 {[%clk 0:40:10]} 24. Qxb2
{[%clk 0:15:14]} Rxd3 {[%clk 0:40:00]} 25. Rb1 {[%clk 0:15:36]} Re7
{[%clk 0:36:06]} 26. Qf2 {[%clk 0:15:01]} Rd4 {[%clk 0:31:34]} 27. Rf4
{[%clk 0:11:18]} Qd6 {[%clk 0:28:42]} 0-1

[Event "MPA 1820 2024"]
[Site "Sianozety"]
[Date "2024.04.12"]
[Round "8.10"]
[White "Klonowski, Arkadiusz"]
[Black "Warsinski, Pawel"]
[Result "1-0"]
[BlackElo "1701"]
[WhiteElo "1734"]
[LiveChessVersion "1.4.4"]

1. Nf3 {[%clk 1:30:57]} Nf6 {[%clk 1:30:52]} 2. g3 {[%clk 1:31:23]} d5
{[%clk 1:31:09]} 3. Bg2 {[%clk 1:31:48]} e6 {[%clk 1:31:17]} 4. O-O
{[%clk 1:32:13]} c6 {[%clk 1:31:32]} 5. d4 {[%clk 1:32:39]} Bd6 {[%clk 1:31:38]}
6. c4 {[%clk 1:33:03]} O-O {[%clk 1:31:59]} 7. Nc3 {[%clk 1:33:30]} Nbd7
{[%clk 1:32:20]} 8. Qc2 {[%clk 1:33:36]} Re8 {[%clk 1:32:27]} 9. Nd2
{[%clk 1:32:58]} dxc4 {[%clk 1:28:05]} 10. Nxc4 {[%clk 1:33:21]} Bc7
{[%clk 1:28:20]} 11. b3 {[%clk 1:32:20]} e5 {[%clk 1:27:27]} 12. dxe5
{[%clk 1:32:17]} Nxe5 {[%clk 1:27:34]} 13. Rd1 {[%clk 1:32:19]} Qe7
{[%clk 1:27:48]} 14. Ba3 {[%clk 1:32:39]} c5 {[%clk 1:21:42]} 15. Na4
{[%clk 1:30:32]} Nxc4 {[%clk 1:19:52]} 16. Qxc4 {[%clk 1:30:28]} Qxe2
{[%clk 1:16:05]} 17. Qxe2 {[%clk 1:29:58]} Rxe2 {[%clk 1:16:28]} 18. Nxc5
{[%clk 1:30:12]} Rb8 {[%clk 1:13:13]} 19. Bf3 {[%clk 1:24:37]} Rc2
{[%clk 1:06:14]} 20. Rdc1 {[%clk 1:21:28]} Rxc1+ {[%clk 0:37:24]} 21. Rxc1
{[%clk 1:21:52]} Bb6 {[%clk 0:36:02]} 22. Na4 {[%clk 1:03:55]} Bd7
{[%clk 0:21:04]} 23. Bd6 {[%clk 0:58:02]} Rc8 {[%clk 0:20:48]} 24. Rxc8+
{[%clk 0:57:30]} Bxc8 {[%clk 0:21:12]} 25. Nxb6 {[%clk 0:56:21]} axb6
{[%clk 0:21:37]} 26. a4 {[%clk 0:56:22]} Be6 {[%clk 0:14:17]} 27. b4
{[%clk 0:54:18]} Nd5 {[%clk 0:12:40]} 28. Kf1 {[%clk 0:53:41]} f6
{[%clk 0:12:11]} 29. Ke1 {[%clk 0:53:26]} Kf7 {[%clk 0:12:26]} 30. Kd2
{[%clk 0:52:49]} Ke8 {[%clk 0:12:05]} 31. Kd3 {[%clk 0:52:42]} Kd7
{[%clk 0:12:23]} 32. Bf8 {[%clk 0:52:26]} g6 {[%clk 0:11:42]} 33. Kd4
{[%clk 0:51:59]} Ne7 {[%clk 0:09:18]} 34. Bxe7 {[%clk 0:51:57]} Kxe7
{[%clk 0:09:38]} 35. Bxb7 {[%clk 0:52:19]} Kd6 {[%clk 0:09:23]} 36. a5
{[%clk 0:50:22]} bxa5 {[%clk 0:09:19]} 37. bxa5 {[%clk 0:50:45]} Kc7
{[%clk 0:09:43]} 38. Bd5 {[%clk 0:49:44]} Bc8 {[%clk 0:08:51]} 39. Kc5
{[%clk 0:50:05]} Ba6 {[%clk 0:08:53]} 40. Bc4 {[%clk 0:49:47]} Bc8
{[%clk 0:05:58]} 41. a6 {[%clk 0:50:11]} f5 {[%clk 0:06:00]} 42. a7
{[%clk 0:49:19]} Bb7 {[%clk 0:06:05]} 43. Bd5 {[%clk 0:49:24]} Bxd5
{[%clk 0:06:29]} 44. Kxd5 {[%clk 0:49:49]} Kb7 {[%clk 0:06:53]} 45. Ke5
{[%clk 0:50:12]} Kxa7 {[%clk 0:07:20]} 46. Kf6 {[%clk 0:50:17]} Kb6
{[%clk 0:07:45]} 47. Kg7 {[%clk 0:50:16]} Kc5 {[%clk 0:07:53]} 48. Kxh7
{[%clk 0:50:36]} g5 {[%clk 0:08:10]} 49. Kg6 {[%clk 0:50:58]} f4 {[%clk 0:08:18]}
50. Kxg5 {[%clk 0:51:16]} fxg3 {[%clk 0:08:25]} 51. hxg3 1-0

[Event "MPA 1820 2024"]
[Site "Sianozety"]
[Date "2024.04.12"]
[Round "9.1"]
[White "Haluja, Wiktor"]
[Black "Bajno, Adam"]
[Result "1-0"]
[BlackElo "1731"]
[WhiteElo "1756"]
[LiveChessVersion "1.4.4"]

1. e4 {[%clk 1:30:58]} c6 {[%clk 1:30:59]} 2. d4 {[%clk 1:31:23]} d5
{[%clk 1:31:26]} 3. e5 {[%clk 1:31:49]} c5 {[%clk 1:31:51]} 4. Nf3
{[%clk 1:32:14]} Nc6 {[%clk 1:32:14]} 5. dxc5 {[%clk 1:32:38]} e6
{[%clk 1:31:36]} 6. Be3 {[%clk 1:30:27]} Nge7 {[%clk 1:31:18]} 7. Bd3
{[%clk 1:28:54]} Ng6 {[%clk 1:31:06]} 8. Bb5 {[%clk 1:28:47]} Be7
{[%clk 1:23:55]} 9. c3 {[%clk 1:20:03]} O-O {[%clk 1:22:58]} 10. Bxc6
{[%clk 1:18:48]} bxc6 {[%clk 1:23:27]} 11. O-O {[%clk 1:18:30]} Rb8
{[%clk 1:22:37]} 12. b4 {[%clk 1:14:39]} Qc7 {[%clk 1:20:40]} 13. Bd4
{[%clk 1:13:08]} f6 {[%clk 1:17:51]} 14. Re1 {[%clk 1:10:55]} Bd7
{[%clk 1:17:33]} 15. Nbd2 {[%clk 1:08:58]} Rf7 {[%clk 1:17:16]} 16. Qe2
{[%clk 0:44:56]} a5 {[%clk 1:04:12]} 17. a3 {[%clk 0:42:14]} f5 {[%clk 1:03:51]}
18. Qa6 {[%clk 0:38:35]} Rb5 {[%clk 0:55:27]} 19. a4 {[%clk 0:31:55]} Bc8
{[%clk 0:55:43]} 20. Qa8 {[%clk 0:32:19]} Rb8 {[%clk 0:55:49]} 21. Qxa5
{[%clk 0:32:37]} Qxa5 {[%clk 0:56:13]} 22. bxa5 {[%clk 0:33:02]} Bd8
{[%clk 0:56:26]} 23. Reb1 {[%clk 0:28:13]} Rfb7 {[%clk 0:54:33]} 24. Rb6
{[%clk 0:28:06]} Bxb6 {[%clk 0:50:01]} 25. cxb6 {[%clk 0:24:40]} Ra8
{[%clk 0:49:41]} 26. Nb3 {[%clk 0:25:02]} Nf8 {[%clk 0:48:27]} 27. Ne1
{[%clk 0:21:34]} Nd7 {[%clk 0:46:16]} 28. Nd3 {[%clk 0:21:44]} Kf7
{[%clk 0:45:37]} 29. Nb4 {[%clk 0:16:57]} c5 {[%clk 0:41:32]} 30. Bxc5
{[%clk 0:16:49]} Nxc5 {[%clk 0:41:51]} 31. Nxc5 {[%clk 0:17:05]} Rxa5
{[%clk 0:42:15]} 32. Nxb7 {[%clk 0:16:46]} Bxb7 {[%clk 0:42:40]} 33. Kf1
{[%clk 0:15:25]} Ke7 {[%clk 0:42:50]} 34. Ke2 {[%clk 0:14:26]} Kd7
{[%clk 0:43:14]} 35. Kd3 {[%clk 0:14:00]} g5 {[%clk 0:40:53]} 36. Kc2
{[%clk 0:12:30]} h5 {[%clk 0:37:26]} 37. g3 {[%clk 0:12:34]} Bc6 {[%clk 0:35:48]}
38. Nxc6 {[%clk 0:11:47]} Kxc6 {[%clk 0:36:16]} 39. Rb1 {[%clk 0:12:05]} Kb7
{[%clk 0:36:36]} 40. Rb4 {[%clk 0:12:16]} Ra6 {[%clk 0:36:54]} 41. Kd3
{[%clk 0:11:34]} Rxb6 {[%clk 0:36:58]} 42. Rxb6+ {[%clk 0:11:53]} Kxb6
{[%clk 0:37:24]} 43. Kd4 {[%clk 0:12:11]} 1-0

[Event "MPA 1820 2024"]
[Site "Sianozety"]
[Date "2024.04.12"]
[Round "9.2"]
[White "Mencfel, Artur"]
[Black "Czepczynski, Boguslaw"]
[Result "1-0"]
[BlackElo "1771"]
[WhiteElo "1757"]
[LiveChessVersion "1.4.4"]

1. d4 {[%clk 1:30:58]} d6 {[%clk 1:30:30]} 2. Bf4 {[%clk 1:31:20]} Nf6
{[%clk 1:30:22]} 3. Nc3 {[%clk 1:31:40]} g6 {[%clk 1:29:21]} 4. e4 Bg7
{[%clk 1:29:16]} 5. Qd2 {[%clk 1:32:18]} O-O {[%clk 1:28:42]} 6. O-O-O
{[%clk 1:32:44]} a6 {[%clk 1:28:50]} 7. Bh6 {[%clk 1:32:53]} b5 {[%clk 1:28:48]}
8. f3 {[%clk 1:32:54]} b4 {[%clk 1:29:06]} 9. Nce2 {[%clk 1:32:56]} a5
{[%clk 1:29:19]} 10. h4 {[%clk 1:33:06]} Nbd7 {[%clk 1:17:09]} 11. h5
{[%clk 1:32:26]} e5 {[%clk 1:15:47]} 12. g4 {[%clk 1:32:13]} c5 {[%clk 1:11:48]}
13. Ng3 {[%clk 1:31:13]} Ba6 {[%clk 1:11:33]} 14. Bxg7 {[%clk 1:31:13]} Kxg7
{[%clk 1:11:35]} 15. hxg6 {[%clk 1:31:40]} fxg6 {[%clk 1:11:16]} 16. Qh6+
{[%clk 1:32:07]} Kg8 {[%clk 1:06:06]} 17. g5 {[%clk 1:31:32]} Nh5
{[%clk 1:05:10]} 18. Nxh5 {[%clk 1:31:56]} gxh5 {[%clk 1:05:28]} 19. Rxh5
{[%clk 1:32:19]} Qe7 {[%clk 1:01:52]} 20. Bh3 {[%clk 1:32:42]} Ra7
{[%clk 0:56:32]} 21. Be6+ {[%clk 1:29:46]} Kh8 {[%clk 0:55:05]} 22. Rd2
{[%clk 1:28:57]} exd4 {[%clk 0:53:55]} 23. Rdh2 {[%clk 1:27:36]} Ne5
{[%clk 0:51:21]} 24. g6 {[%clk 1:27:19]} Qxe6 {[%clk 0:38:11]} 25. Qxf8+
{[%clk 1:27:42]} 1-0

[Event "MPA 1820 2024"]
[Site "Sianozety"]
[Date "2024.04.12"]
[Round "9.4"]
[White "Przytocki, Bartosz"]
[Black "Pietras, Maksymilian"]
[Result "0-1"]
[BlackElo "1733"]
[WhiteElo "1651"]
[LiveChessVersion "1.4.4"]

1. e4 {[%clk 1:30:56]} c5 {[%clk 1:30:54]} 2. Nf3 {[%clk 1:31:21]} Nf6
{[%clk 1:31:08]} 3. Nc3 {[%clk 1:30:09]} d5 {[%clk 1:29:45]} 4. exd5
{[%clk 1:19:57]} Nxd5 {[%clk 1:29:01]} 5. Bc4 {[%clk 1:20:22]} Nf6
{[%clk 1:26:17]} 6. d4 {[%clk 1:16:23]} e6 {[%clk 1:19:42]} 7. Bg5
{[%clk 1:09:31]} Be7 {[%clk 1:15:48]} 8. dxc5 {[%clk 1:02:55]} Qa5
{[%clk 1:09:49]} 9. Qe2 {[%clk 0:54:12]} O-O {[%clk 1:06:56]} 10. O-O-O
{[%clk 0:54:10]} Qxc5 {[%clk 1:02:33]} 11. Kb1 {[%clk 0:37:35]} Nc6
{[%clk 0:57:27]} 12. g4 {[%clk 0:31:58]} b5 {[%clk 0:43:34]} 13. Bxb5
{[%clk 0:28:14]} Na5 {[%clk 0:40:52]} 14. Bxf6 {[%clk 0:26:54]} gxf6
{[%clk 0:37:27]} 15. Bd3 {[%clk 0:21:58]} Bb7 {[%clk 0:34:17]} 16. Ne4
{[%clk 0:16:21]} Qb6 {[%clk 0:31:57]} 17. Qd2 {[%clk 0:15:03]} Rab8
{[%clk 0:26:10]} 18. b3 {[%clk 0:14:34]} Kg7 {[%clk 0:19:48]} 19. Rhg1
{[%clk 0:13:34]} Bd5 {[%clk 0:18:49]} 20. Rg3 {[%clk 0:02:08]} Nxb3
{[%clk 0:13:36]} 21. cxb3 {[%clk 0:02:32]} Bxb3 {[%clk 0:14:01]} 22. Rh3
{[%clk 0:02:30]} Bc2+ {[%clk 0:13:02]} 0-1

[Event "MPA 1820 2024"]
[Site "Sianozety"]
[Date "2024.04.12"]
[Round "9.5"]
[White "Pierzak, Rafael"]
[Black "Iwan, Patryk"]
[Result "1/2-1/2"]
[BlackElo "1815"]
[WhiteElo "1819"]
[LiveChessVersion "1.4.4"]

1. d4 {[%clk 1:30:56]} Nf6 {[%clk 1:30:55]} 2. Nf3 {[%clk 1:31:21]} g6
{[%clk 1:31:13]} 3. c4 {[%clk 1:31:28]} Bg7 {[%clk 1:31:32]} 4. Nc3
{[%clk 1:31:28]} O-O {[%clk 1:31:55]} 5. e3 {[%clk 1:31:09]} d6 {[%clk 1:32:08]}
6. Be2 {[%clk 1:30:48]} Nc6 {[%clk 1:31:46]} 7. O-O {[%clk 1:29:40]} e5
{[%clk 1:31:56]} 8. Qc2 {[%clk 1:07:45]} Bf5 9. Qb3 {[%clk 1:02:42]} Qc8
{[%clk 1:15:51]} 10. d5 {[%clk 0:56:44]} Ne7 {[%clk 1:15:06]} 11. Nd2 Bh6
{[%clk 1:07:22]} 12. Bf3 {[%clk 0:49:16]} b6 {[%clk 1:03:10]} 13. e4
{[%clk 0:44:40]} Bg4 {[%clk 0:52:51]} 14. Qd1 {[%clk 0:44:39]} Bg7
{[%clk 0:49:37]} 15. Bxg4 {[%clk 0:44:18]} Qxg4 {[%clk 0:49:23]} 16. Qxg4
{[%clk 0:44:40]} Nxg4 {[%clk 0:49:49]} 17. h3 {[%clk 0:43:13]} Nf6
{[%clk 0:49:35]} 18. Nf3 {[%clk 0:42:17]} h6 {[%clk 0:49:13]} 19. Be3
{[%clk 0:41:31]} Nd7 20. Ne1 {[%clk 0:34:03]} f5 {[%clk 0:44:35]} 21. f3
{[%clk 0:33:50]} g5 {[%clk 0:43:41]} 22. Nd3 a6 {[%clk 0:38:21]} 23. b4
{[%clk 0:28:48]} Ng6 {[%clk 0:36:13]} 24. Rad1 {[%clk 0:19:06]} fxe4 25. Nxe4
{[%clk 0:16:12]} Nf6 {[%clk 0:35:19]} 26. Nxf6+ {[%clk 0:15:40]} Bxf6
{[%clk 0:34:51]} 27. Nf2 a5 {[%clk 0:33:02]} 28. b5 {[%clk 0:14:25]} Bg7
{[%clk 0:30:29]} 29. Ne4 {[%clk 0:14:18]} Ne7 {[%clk 0:30:13]} 30. a4
{[%clk 0:12:29]} Nf5 {[%clk 0:29:49]} 31. Bf2 {[%clk 0:11:56]} Rf7
{[%clk 0:28:39]} 32. Rfe1 {[%clk 0:11:15]} Raf8 {[%clk 0:27:26]} 33. Ng3
{[%clk 0:11:14]} Nxg3 {[%clk 0:27:06]} 34. Bxg3 {[%clk 0:11:42]} Kh7
{[%clk 0:26:39]} 35. Re4 {[%clk 0:11:52]} Kg6 {[%clk 0:26:27]} 36. Rde1
{[%clk 0:10:34]} h5 {[%clk 0:25:45]} 37. Kf2 {[%clk 0:10:45]} Bh6
{[%clk 0:24:38]} 38. Ke2 {[%clk 0:10:49]} 1/2-1/2

[Event "MPA 1820 2024"]
[Site "Sianozety"]
[Date "2024.04.12"]
[Round "9.6"]
[White "Kopacz, Przemyslaw"]
[Black "Sarnik, Blazej"]
[Result "1/2-1/2"]
[BlackElo "1447"]
[WhiteElo "1774"]
[LiveChessVersion "1.4.4"]

1. b3 {[%clk 1:30:58]} d5 {[%clk 1:30:37]} 2. Bb2 {[%clk 1:31:23]} c5
{[%clk 1:31:04]} 3. e3 {[%clk 1:31:47]} Nc6 {[%clk 1:31:24]} 4. Bb5
{[%clk 1:31:46]} Nf6 {[%clk 1:31:31]} 5. Nf3 {[%clk 1:31:54]} g6 {[%clk 1:29:59]}
6. Ne5 {[%clk 1:28:28]} Qc7 {[%clk 1:30:11]} 7. O-O {[%clk 1:24:01]} Bg7
{[%clk 1:30:18]} 8. d4 {[%clk 1:21:00]} O-O {[%clk 1:29:41]} 9. Nxc6
{[%clk 1:17:13]} bxc6 {[%clk 1:30:03]} 10. Be2 {[%clk 1:17:12]} Bf5
{[%clk 1:27:14]} 11. g4 {[%clk 1:10:12]} Bd7 {[%clk 1:26:08]} 12. f4
{[%clk 1:08:05]} Ne4 {[%clk 1:26:16]} 13. Nd2 {[%clk 1:07:26]} Rfd8
{[%clk 1:20:46]} 14. c3 {[%clk 1:01:37]} Qa5 {[%clk 1:16:29]} 15. Nxe4
{[%clk 0:50:38]} dxe4 {[%clk 1:16:49]} 16. Qc2 {[%clk 0:50:47]} cxd4
{[%clk 1:12:02]} 17. cxd4 {[%clk 0:48:31]} c5 {[%clk 1:09:47]} 18. d5
{[%clk 0:41:14]} Bxb2 {[%clk 1:08:05]} 19. Qxb2 {[%clk 0:41:43]} Bb5
{[%clk 1:07:45]} 20. Rfd1 {[%clk 0:40:09]} Rd6 {[%clk 1:05:28]} 21. Bxb5
{[%clk 0:34:21]} Qxb5 {[%clk 1:05:48]} 22. Rd2 {[%clk 0:34:15]} Qd7
{[%clk 1:05:25]} 23. h3 {[%clk 0:32:18]} Rxd5 {[%clk 1:02:56]} 24. Rad1
{[%clk 0:32:38]} Rd6 {[%clk 1:00:27]} 25. Rxd6 {[%clk 0:25:46]} exd6
{[%clk 1:00:49]} 26. Qf6 {[%clk 0:26:11]} d5 {[%clk 0:58:49]} 27. Qe5 Rd8
{[%clk 0:58:01]} 28. f5 {[%clk 0:25:09]} Qd6 {[%clk 0:56:46]} 29. Qxd6
{[%clk 0:23:04]} Rxd6 {[%clk 0:57:11]} 30. Rc1 {[%clk 0:23:23]} d4
{[%clk 0:55:34]} 31. fxg6 {[%clk 0:22:44]} hxg6 {[%clk 0:55:12]} 32. Rxc5
{[%clk 0:21:14]} d3 {[%clk 0:53:35]} 33. Rc1 {[%clk 0:21:21]} Ra6
{[%clk 0:50:02]} 34. a4 {[%clk 0:20:40]} Rb6 {[%clk 0:50:27]} 35. Rb1
{[%clk 0:17:41]} Rc6 {[%clk 0:50:41]} 36. Kf2 {[%clk 0:17:59]} Rc2+
{[%clk 0:50:23]} 37. Kg3 {[%clk 0:18:13]} Re2 {[%clk 0:50:29]} 38. Kf4
{[%clk 0:18:27]} f5 {[%clk 0:50:33]} 39. gxf5 {[%clk 0:17:18]} gxf5
{[%clk 0:50:58]} 40. Rf1 {[%clk 0:12:40]} d2 {[%clk 0:45:31]} 41. Rd1
{[%clk 0:12:59]} Rf2+ {[%clk 0:45:51]} 42. Ke5 {[%clk 0:10:38]} Kf7
{[%clk 0:44:49]} 43. b4 {[%clk 0:10:37]} Ke7 {[%clk 0:44:22]} 44. h4
{[%clk 0:10:36]} Kf7 {[%clk 0:29:36]} 45. b5 {[%clk 0:10:12]} Kg6
{[%clk 0:29:07]} 46. a5 {[%clk 0:09:55]} Re2 {[%clk 0:29:03]} 47. b6
{[%clk 0:07:53]} axb6 {[%clk 0:29:27]} 48. axb6 {[%clk 0:08:20]} Rxe3
{[%clk 0:29:48]} 49. Rxd2 {[%clk 0:08:14]} Rb3 {[%clk 0:29:10]} 50. Rg2+
{[%clk 0:05:26]} Kf7 {[%clk 0:28:02]} 51. Kxf5 {[%clk 0:04:30]} Rxb6
{[%clk 0:28:22]} 52. Re2 {[%clk 0:04:10]} Rf6+ {[%clk 0:28:17]} 53. Ke5
{[%clk 0:04:22]} e3 {[%clk 0:28:27]} 54. Rxe3 {[%clk 0:04:39]} Re6+
{[%clk 0:28:53]} 55. Kf4 {[%clk 0:05:05]} Rxe3 {[%clk 0:29:17]} 56. Kxe3 1/2-1/2

[Event "MPA 1820 2024"]
[Site "Sianozety"]
[Date "2024.04.12"]
[Round "9.7"]
[White "Labuc, Adrian"]
[Black "Klonowski, Arkadiusz"]
[Result "1-0"]
[BlackElo "1734"]
[WhiteElo "1660"]
[LiveChessVersion "1.4.4"]

1. d4 {[%clk 1:30:57]} Nf6 {[%clk 1:30:57]} 2. Bf4 {[%clk 1:31:19]} c5
{[%clk 1:31:13]} 3. c3 {[%clk 1:31:42]} Qb6 {[%clk 1:30:54]} 4. Qb3
{[%clk 1:31:56]} Qxb3 {[%clk 1:29:34]} 5. axb3 {[%clk 1:32:24]} cxd4
{[%clk 1:29:25]} 6. cxd4 {[%clk 1:32:43]} Nc6 {[%clk 1:29:40]} 7. e3
{[%clk 1:32:05]} d5 {[%clk 1:28:21]} 8. Bb5 {[%clk 1:32:01]} Bd7 {[%clk 1:25:18]}
9. Bxc6 {[%clk 1:31:54]} bxc6 {[%clk 1:25:09]} 10. Nf3 {[%clk 1:31:56]} Nh5
{[%clk 1:24:16]} 11. Bc7 {[%clk 1:31:43]} e6 {[%clk 1:23:43]} 12. Ne5
{[%clk 1:31:52]} Bb4+ {[%clk 1:23:29]} 13. Nc3 {[%clk 1:31:48]} f6
{[%clk 1:22:26]} 14. Nd3 {[%clk 1:31:49]} Bxc3+ {[%clk 1:22:07]} 15. bxc3
{[%clk 1:32:10]} g5 {[%clk 1:21:16]} 16. Nc5 {[%clk 1:32:16]} Ke7
{[%clk 1:14:21]} 17. h3 {[%clk 1:28:22]} Ng7 {[%clk 1:12:02]} 18. Kd2
{[%clk 1:22:46]} Ne8 {[%clk 1:09:32]} 19. Ba5 {[%clk 1:23:09]} Nd6
{[%clk 1:09:56]} 20. Bb4 {[%clk 1:23:30]} Rhb8 {[%clk 1:09:49]} 21. Ra2
{[%clk 1:21:19]} Kd8 {[%clk 0:51:15]} 22. Rha1 {[%clk 1:20:49]} Nb5
{[%clk 0:50:33]} 23. Ba5+ {[%clk 1:15:23]} Ke8 {[%clk 0:50:40]} 24. c4
{[%clk 1:15:31]} dxc4 {[%clk 0:49:37]} 25. bxc4 {[%clk 1:15:44]} Nd6
{[%clk 0:49:53]} 26. Kc3 {[%clk 1:15:52]} Rc8 {[%clk 0:49:07]} 27. g4
{[%clk 1:12:03]} f5 {[%clk 0:47:46]} 28. f3 {[%clk 1:12:21]} Rab8
{[%clk 0:46:08]} 29. Bb4 {[%clk 1:10:58]} Nb7 {[%clk 0:45:29]} 30. Rxa7
{[%clk 1:10:01]} Nxc5 {[%clk 0:45:48]} 31. Bxc5 {[%clk 1:10:28]} h6
{[%clk 0:44:10]} 32. Bd6 {[%clk 1:10:06]} Rb6 {[%clk 0:43:19]} 33. Ra8
{[%clk 1:10:22]} Rb7 {[%clk 0:41:18]} 34. Rxc8+ {[%clk 1:10:19]} Bxc8
{[%clk 0:41:39]} 35. Ra8 {[%clk 1:10:42]} Kd8 {[%clk 0:41:05]} 36. Bf8
{[%clk 1:05:41]} Rh7 {[%clk 0:40:37]} 37. Kb4 {[%clk 1:04:03]} h5
{[%clk 0:36:38]} 38. Kc5 {[%clk 1:03:24]} fxg4 {[%clk 0:35:00]} 39. fxg4
{[%clk 1:03:44]} hxg4 {[%clk 0:35:26]} 40. hxg4 {[%clk 1:04:04]} Rh4
{[%clk 0:29:55]} 41. Kd6 {[%clk 1:04:13]} Rxg4 {[%clk 0:29:31]} 42. Be7+
{[%clk 1:04:29]} Ke8 {[%clk 0:29:52]} 43. Rxc8+ {[%clk 1:04:54]} Kf7
{[%clk 0:30:11]} 44. Rf8+ {[%clk 1:05:09]} Kg7 {[%clk 0:30:17]} 45. Rf3
{[%clk 1:03:45]} Rg1 {[%clk 0:29:48]} 46. Kxe6 {[%clk 1:02:59]} g4
{[%clk 0:30:06]} 47. Rf7+ {[%clk 1:02:50]} Kg8 {[%clk 0:30:18]} 48. Rf5
{[%clk 1:01:27]} g3 {[%clk 0:30:35]} 49. Rg5+ {[%clk 1:01:52]} Kh7
{[%clk 0:30:59]} 50. Bd6 {[%clk 1:00:15]} g2 {[%clk 0:30:59]} 51. Bh2
{[%clk 1:00:33]} Re1 {[%clk 0:31:16]} 52. Rxg2 {[%clk 1:00:49]} 1-0

[Event "MPA 1820 2024"]
[Site "Sianozety"]
[Date "2024.04.12"]
[Round "9.8"]
[White "Hombek, Mariusz"]
[Black "Stepien, Janusz"]
[Result "1/2-1/2"]
[BlackElo "1732"]
[WhiteElo "1531"]
[LiveChessVersion "1.4.4"]

1. e4 {[%clk 1:30:58]} e6 {[%clk 1:30:55]} 2. d4 {[%clk 1:31:23]} d5
{[%clk 1:31:22]} 3. Bd3 {[%clk 1:31:48]} c5 {[%clk 1:31:16]} 4. exd5
{[%clk 1:32:07]} exd5 {[%clk 1:31:39]} 5. Nf3 {[%clk 1:32:26]} h6
{[%clk 1:31:27]} 6. O-O {[%clk 1:30:50]} Bd6 {[%clk 1:29:12]} 7. dxc5
{[%clk 1:30:50]} Bxc5 {[%clk 1:29:30]} 8. Bf4 {[%clk 1:27:30]} Nc6
{[%clk 1:28:12]} 9. Nc3 {[%clk 1:25:58]} Be6 {[%clk 1:27:18]} 10. Nb5
{[%clk 1:25:27]} Rc8 {[%clk 1:26:22]} 11. c3 {[%clk 1:17:22]} 1/2-1/2

[Event "MPA 1820 2024"]
[Site "Sianozety"]
[Date "2024.04.12"]
[Round "9.9"]
[White "Kuriata, Karol"]
[Black "Dykier, Marek"]
[Result "1-0"]
[BlackElo "1626"]
[WhiteElo "1648"]
[LiveChessVersion "1.4.4"]

1. e4 {[%clk 1:30:57]} e6 {[%clk 1:28:27]} 2. d4 {[%clk 1:31:22]} d5
{[%clk 1:28:50]} 3. Bd3 {[%clk 1:31:34]} dxe4 {[%clk 1:29:05]} 4. Bxe4
{[%clk 1:32:02]} c5 {[%clk 1:27:42]} 5. Ne2 {[%clk 1:32:17]} Nf6 {[%clk 1:27:16]}
6. Bf3 {[%clk 1:32:46]} Qb6 {[%clk 1:23:59]} 7. O-O {[%clk 1:30:28]} Bd7
{[%clk 1:22:53]} 8. Nbc3 {[%clk 1:25:40]} cxd4 {[%clk 1:21:26]} 9. Nxd4
{[%clk 1:25:30]} Nc6 {[%clk 1:20:32]} 10. Ndb5 {[%clk 1:00:57]} Ne5
{[%clk 1:10:44]} 11. Be3 {[%clk 1:00:13]} Nxf3+ {[%clk 1:10:13]} 12. Qxf3
{[%clk 1:00:17]} Bc5 {[%clk 1:10:01]} 13. Bxc5 {[%clk 0:52:34]} Qxc5
{[%clk 1:10:30]} 14. Qxb7 {[%clk 0:48:25]} Bc6 {[%clk 1:10:47]} 15. Qc7
{[%clk 0:36:21]} O-O 16. Qd6 {[%clk 0:33:59]} Qb6 {[%clk 1:09:26]} 17. Nd4
{[%clk 0:25:26]} Qxb2 {[%clk 1:04:18]} 18. Nce2 {[%clk 0:24:16]} Rad8
{[%clk 0:59:26]} 19. Qxc6 {[%clk 0:23:57]} Rb8 {[%clk 0:54:40]} 20. Qc3
{[%clk 0:17:01]} Qb6 {[%clk 0:51:38]} 21. Qe3 {[%clk 0:16:17]} Nd5
{[%clk 0:51:24]} 22. Qe5 {[%clk 0:15:26]} Qa6 {[%clk 0:50:02]} 23. h3
{[%clk 0:13:13]} Rbd8 {[%clk 0:44:59]} 24. Rfc1 {[%clk 0:10:47]} Ne7
{[%clk 0:44:56]} 25. c4 {[%clk 0:09:49]} Ng6 {[%clk 0:44:54]} 26. Qe3
{[%clk 0:09:44]} Qb7 {[%clk 0:44:08]} 27. Rab1 {[%clk 0:09:32]} Qe7
{[%clk 0:42:49]} 1-0

[Event "MPA 1820 2024"]
[Site "Sianozety"]
[Date "2024.04.12"]
[Round "9.10"]
[White "Przygrodzki, Jan"]
[Black "Wieckowski, Kajetan"]
[Result "1/2-1/2"]
[BlackElo "1582"]
[WhiteElo "1802"]
[LiveChessVersion "1.4.4"]

1. d4 d5 2. Nc3 {[%clk 1:30:40]} Nf6 {[%clk 1:30:48]} 3. Bf4 {[%clk 1:31:02]} c6
{[%clk 1:29:55]} 4. e3 {[%clk 1:31:06]} Bf5 {[%clk 1:30:10]} 5. f3 e6
{[%clk 1:25:00]} 6. g4 {[%clk 1:31:06]} Bg6 {[%clk 1:25:26]} 7. h4
{[%clk 1:31:08]} h5 {[%clk 1:24:06]} 8. g5 {[%clk 1:31:05]} Nfd7 {[%clk 1:24:02]}
9. Bd3 {[%clk 1:31:03]} Bxd3 {[%clk 1:19:49]} 10. Qxd3 {[%clk 1:31:24]} a6
{[%clk 1:15:11]} 11. e4 {[%clk 1:24:21]} Bb4 {[%clk 1:12:37]} 12. Nge2
{[%clk 1:12:45]} Nb6 {[%clk 1:05:14]} 13. O-O-O {[%clk 0:59:13]} Qe7
{[%clk 1:03:01]} 14. g6 {[%clk 0:53:40]} f6 {[%clk 1:02:35]} 15. e5
{[%clk 0:54:09]} N8d7 {[%clk 0:56:55]} 16. Rdg1 {[%clk 0:43:35]} c5
{[%clk 0:49:03]} 17. exf6 {[%clk 0:36:42]} Nxf6 {[%clk 0:48:34]} 18. a3
{[%clk 0:34:30]} Ba5 {[%clk 0:43:11]} 19. dxc5 {[%clk 0:30:46]} Qxc5
{[%clk 0:42:48]} 20. Be3 {[%clk 0:26:13]} Qc4 {[%clk 0:42:26]} 21. b4
{[%clk 0:21:02]} Bxb4 {[%clk 0:38:27]} 22. axb4 {[%clk 0:20:28]} Qxb4
{[%clk 0:38:47]} 23. Bxb6 {[%clk 0:18:18]} Qxb6 {[%clk 0:39:14]} 24. Qd4
{[%clk 0:15:41]} Qc7 {[%clk 0:38:57]} 25. Nf4 {[%clk 0:15:16]} Rc8
{[%clk 0:34:18]} 26. Kb2 {[%clk 0:11:19]} Kd7 {[%clk 0:29:03]} 27. Re1
{[%clk 0:10:00]} Rhe8 {[%clk 0:28:54]} 28. Re5 {[%clk 0:10:24]} b5
{[%clk 0:27:14]} 29. Rhe1 {[%clk 0:08:38]} b4 {[%clk 0:25:00]} 30. Nfxd5
{[%clk 0:06:10]} exd5 {[%clk 0:17:51]} 31. Nxd5 {[%clk 0:03:29]} Qxc2+
{[%clk 0:17:32]} 32. Ka1 {[%clk 0:03:57]} Qa4+ {[%clk 0:17:05]} 33. Kb1
{[%clk 0:04:26]} Qb3+ {[%clk 0:17:21]} 34. Ka1 {[%clk 0:04:53]} Qa3+
{[%clk 0:16:35]} 35. Kb1 {[%clk 0:05:21]} Qb3+ {[%clk 0:16:54]} 36. Ka1
{[%clk 0:05:46]} Qa3+ {[%clk 0:16:29]} 1/2-1/2